[Event "NED-chT 2324"]
[Site "Netherlands"]
[Date "2023.09.16"]
[Round "1.3"]
[White "Kunin, Vitaly L"]
[Black "Van Meegen, Ruud"]
[Result "1/2-1/2"]
[WhiteElo "2541"]
[BlackElo "2297"]
[PlyCount "150"]
[EventDate "2023.09.16"]
[EventType "team-tourn"]
[EventRounds "9"]
[EventCountry "NED"]
[SourceTitle "EXT 2024"]
[Source "ChessBase"]
[SourceDate "2023.10.10"]
[SourceVersion "1"]
[SourceVersionDate "2023.10.10"]
[SourceQuality "1"]
[WhiteTeam "Charlois Europoort"]
[BlackTeam "Zuid Limburg"]
[WhiteTeamCountry "NED"]
[BlackTeamCountry "NED"]

1. d4 d5 2. c4 e6 3. Nc3 Nf6 4. Bg5 Be7 5. e3 0-0 6. Nf3 c5 7. dxc5 Qa5 8. Rc1 Nc6 9. Be2 dxc4 10. Bxc4 Qxc5 11. Qe2 Ne5 12. Nxe5 Qxe5 13. f4 Qa5 14. 0-0 Bd7 15. Kh1 Rab8 16. e4 b5 17. Bd3 Rfe8 18. e5 Nd5 19. Nxd5 exd5 20. Bxe7 Rxe7 21. Qf2 h6 22. Bb1 Qb6 23. Qg3 Rbe8 24. Qd3 g6 25. Qxd5 Rc8 26. Qf3 Qd4 27. b3 Qb2 28. Rce1 Rc3 29. Qd1 Rc8 30. Re2 Qa3 31. h3 Be6 32. Qd6 Qxd6 33. exd6 Rd7 34. Rd1 Rc6 35. Bxg6 Rdxd6 36. Rxd6 Rxd6 37. Be4 Kg7 38. g4 Bd5 39. Bxd5 Rxd5 40. Kg2 Rd3 41. h4 a5 42. Re5 Rd2+ 43. Kf3 Rxa2 44. Rxb5 a4 45. bxa4 Rxa4 46. g5 hxg5 47. Rxg5+ Kf6 48. h5 Ra1 49. Kg2 Ra4 50. Kg3 Ra1 51. Kg2 Ra4 52. Rg4 Ra5 53. Rh4 Kg7 54. Kf3 Kh6 55. Kg4 f5+ 56. Kf3 Ra3+ 57. Ke2 Rb3 58. Rh1 Ra3 59. Rg1 Kxh5 60. Rg5+ Kh6 61. Rxf5 Kg6 62. Rb5 Kf6 63. Kf2 Rc3 64. Re5 Ra3 65. Re3 Rxe3 66. Kxe3 Kf5 67. Kf3 Kf6 68. Kg4 Kg6 69. f5+ Kf6 70. Kf4 Kf7 71. Ke5 Ke7 72. f6+ Kf7 73. Kf5 Kf8 74. Kg6 Kg8 75. f7+ Kf8 1/2-1/2

[Event "BL2-West 2223"]
[Site "Germany"]
[Date "2023.03.19"]
[Round "10.2"]
[White "Kraus, Tomas"]
[Black "Van Meegen, Ruud"]
[Result "1-0"]
[WhiteElo "2479"]
[BlackElo "2277"]
[PlyCount "81"]
[EventDate "2022.10.22"]
[EventType "team-tourn"]
[EventRounds "10"]
[EventCountry "GER"]
[SourceTitle "EXT 2024"]
[Source "ChessBase"]
[SourceDate "2023.10.10"]
[SourceVersion "1"]
[SourceVersionDate "2023.10.10"]
[SourceQuality "1"]
[WhiteTeam "Heimbach Weis/Neuwied"]
[BlackTeam "Muelheim Nord II"]
[WhiteTeamCountry "GER"]
[BlackTeamCountry "GER"]

1. e4 c6 2. d4 d5 3. exd5 cxd5 4. Bd3 Nc6 5. c3 Qc7 6. Ne2 Bg4 7. 0-0 e6 8. Qe1 Bxe2 9. Qxe2 Bd6 10. g3 Nge7 11. Nd2 h5 12. Nf3 0-0-0 13. Ng5 Ng8 14. f4 Kb8 15. Bd2 Rf8 16. Rae1 Nge7 17. b4 h4 18. g4 Nc8 19. a4 a5 20. b5 N6e7 21. f5 exf5 22. gxf5 Nb6 23. f6 gxf6 24. Rxf6 Nec8 25. Ref1 Nxa4 26. Nxf7 Rhg8+ 27. Kh1 Ka8 28. Nxd6 Rxf6 29. Rxf6 Nxd6 30. Bf4 Nxc3 31. Qe6 Re8 32. Bxd6 Qd8 33. Qxe8 Qxe8 34. Rf8 Qxf8 35. Bxf8 Ka7 36. Bc5+ b6 37. Ba3 h3 38. Kg1 Kb7 39. Kf2 Kc7 40. Ke3 Nd1+ 41. Ke2 1-0

[Event "BL2-West 2223"]
[Site "Germany"]
[Date "2023.02.25"]
[Round "7.3"]
[White "Dubiel, Jacek"]
[Black "Van Meegen, Ruud"]
[Result "1/2-1/2"]
[WhiteElo "2379"]
[BlackElo "2277"]
[PlyCount "45"]
[EventDate "2022.10.22"]
[EventType "team-tourn"]
[EventRounds "10"]
[EventCountry "GER"]
[SourceTitle "EXT 2024"]
[Source "ChessBase"]
[SourceDate "2023.10.10"]
[SourceVersion "1"]
[SourceVersionDate "2023.10.10"]
[SourceQuality "1"]
[WhiteTeam "Oberursel"]
[BlackTeam "Muelheim Nord II"]
[WhiteTeamCountry "GER"]
[BlackTeamCountry "GER"]

1. e4 c6 2. d4 d5 3. e5 c5 4. dxc5 e6 5. Nf3 Bxc5 6. Bd3 Ne7 7. 0-0 Nbc6 8. a3 Ng6 9. b4 Bb6 10. Bb2 0-0 11. Re1 f6 12. exf6 gxf6 13. c4 Nf4 14. Bf1 e5 15. cxd5 Qxd5 16. Qxd5+ Nxd5 17. Nbd2 Be6 18. g3 Rad8 19. Ne4 Nde7 20. Rac1 Nf5 21. Nc5 Bxc5 22. Rxc5 Rf7 23. Bc4 1/2-1/2

[Event "Groningen op 58th"]
[Site "Groningen"]
[Date "2022.12.28"]
[Round "7"]
[White "Van Meegen, Ruud"]
[Black "De Winter, Arthur"]
[Result "1/2-1/2"]
[WhiteElo "2287"]
[BlackElo "2368"]
[PlyCount "104"]
[EventDate "2022.12.21"]
[EventType "swiss"]
[EventRounds "9"]
[EventCountry "NED"]
[SourceTitle "CBM 211 Extra"]
[Source "ChessBase"]
[SourceDate "2023.01.31"]
[SourceVersion "1"]
[SourceVersionDate "2023.01.31"]
[SourceQuality "1"]

1. Nf3 Nf6 2. c4 g6 3. b3 Bg7 4. Bb2 0-0 5. g3 d6 6. d4 Nbd7 7. Bg2 e5 8. dxe5 dxe5 9. Nxe5 Ng4 10. Nxg4 Bxb2 11. Nd2 Bxa1 12. Qxa1 h5 13. Ne3 Nf6 14. h3 c6 15. 0-0 Qxd2 16. Rd1 Qa5 17. Qxf6 Be6 18. Rd6 Rfe8 19. Be4 Rad8 20. c5 Rxd6 21. cxd6 Qd8 22. Qd4 Bxh3 23. Bf3 Qb8 24. g4 Rd8 25. d7 Qc7 26. gxh5 Qxd7 27. Qh4 Be6 28. Qg5 Rf8 29. Bg4 Qd8 30. Qe5 gxh5 31. Bxe6 fxe6 32. Qxh5 Rf7 33. Ng4 Rg7 34. f3 Qd5 35. Qe8+ Kh7 36. Kf2 Qf5 37. Ke1 a5 38. e4 Qf7 39. Qd8 Qe7 40. Qxa5 b5 41. Qc3 Qh4+ 42. Ke2 Ra7 43. Qc2 Qg3 44. e5+ Kh8 45. Qxc6 Rxa2+ 46. Ke3 Qe1+ 47. Kf4 Qb4+ 48. Kg3 Qe1+ 49. Kf4 Qd2+ 50. Kg3 Qe1+ 51. Kf4 Qb4+ 52. Kg3 Qe1+ 1/2-1/2

[Event "Groningen op 58th"]
[Site "Groningen"]
[Date "2022.12.27"]
[Round "6"]
[White "Van der Hagen, Loek"]
[Black "Van Meegen, Ruud"]
[Result "1/2-1/2"]
[WhiteElo "2145"]
[BlackElo "2287"]
[PlyCount "77"]
[EventDate "2022.12.21"]
[EventType "swiss"]
[EventRounds "9"]
[EventCountry "NED"]
[SourceTitle "CBM 211 Extra"]
[Source "ChessBase"]
[SourceDate "2023.01.31"]
[SourceVersion "1"]
[SourceVersionDate "2023.01.31"]
[SourceQuality "1"]

1. e4 c6 2. Nc3 d5 3. Nf3 dxe4 4. Nxe4 Nf6 5. Qe2 Nxe4 6. Qxe4 Nd7 7. Bc4 Nf6 8. Ne5 e6 9. Qf4 b5 10. Be2 Bb7 11. d4 Be7 12. Bf3 Rc8 13. a4 b4 14. 0-0 0-0 15. c4 bxc3 16. bxc3 Nd7 17. Ba3 Nxe5 18. Qxe5 Bxa3 19. Rxa3 Ba6 20. Rb1 c5 21. dxc5 Qa5 22. h3 Rxc5 23. Qe3 g6 24. Rb4 Qc7 25. Rab3 Rd8 26. Rd4 Rc8 27. Qd2 Qe5 28. Rd7 R5c7 29. Rxc7 Qxc7 30. Qe3 Qc4 31. Rb1 Qxa4 32. Qxa7 Qc2 33. Rd1 Bd3 34. Qd7 Rxc3 35. Qd8+ Kg7 36. Qd4+ Kg8 37. Qd8+ Kg7 38. Qd4+ Kg8 39. Qd8+ 1/2-1/2

[Event "Hilversum op"]
[Site "Hilversum"]
[Date "2022.06.19"]
[Round "6"]
[White "Van Meegen, Ruud"]
[Black "Bosboom, Ardin"]
[Result "1-0"]
[WhiteElo "2285"]
[BlackElo "2083"]
[PlyCount "55"]
[EventDate "2022.06.17"]
[EventType "swiss"]
[EventRounds "6"]
[EventCountry "NED"]
[SourceTitle "CBM 208 Extra"]
[Source "ChessBase"]
[SourceDate "2022.07.31"]
[SourceVersion "1"]
[SourceVersionDate "2022.07.31"]
[SourceQuality "1"]

1. d4 d5 2. c4 c6 3. Nc3 Nf6 4. cxd5 cxd5 5. Bf4 Nc6 6. e3 a6 7. Bd3 e6 8. Rc1 Bd6 9. Bxd6 Qxd6 10. f4 Bd7 11. Nf3 Qb4 12. 0-0 Na5 13. Ne5 b5 14. b3 Nb7 15. g4 h5 16. g5 Ng4 17. Qe1 Nxe5 18. fxe5 Qe7 19. h4 b4 20. Ne2 Bb5 21. Nf4 Bxd3 22. Nxd3 a5 23. Rc2 0-0 24. Qd1 g6 25. Rf6 Rac8 26. Nf4 Qd7 27. Rf2 Qc7 28. Nxg6 1-0

[Event "Utrecht Keres Memorial"]
[Site "Utrecht"]
[Date "2022.05.27"]
[Round "2"]
[White "Van Brummelen, Kevin"]
[Black "Van Meegen, Ruud"]
[Result "1/2-1/2"]
[WhiteElo "2071"]
[BlackElo "2275"]
[PlyCount "72"]
[EventDate "2022.05.27"]
[EventType "swiss"]
[EventRounds "6"]
[EventCountry "NED"]
[SourceTitle "CBM 208 Extra"]
[Source "ChessBase"]
[SourceDate "2022.07.31"]
[SourceVersion "1"]
[SourceVersionDate "2022.07.31"]
[SourceQuality "1"]

1. Nf3 d5 2. c4 d4 3. e3 c5 4. b4 dxe3 5. fxe3 cxb4 6. d4 Nf6 7. Bd3 Nbd7 8. 0-0 e6 9. Nbd2 Be7 10. Qe2 0-0 11. Bb2 Qc7 12. e4 e5 13. dxe5 Ng4 14. e6 fxe6 15. e5 Nc5 16. Bxh7+ Kxh7 17. Ng5+ Bxg5 18. Rxf8 Nh6 19. Raf1 g6 20. Bc1 Kg7 21. R8f3 Bd7 22. h4 Bxh4 23. Ne4 Nf5 24. Nd6 Bc6 25. Rh3 Rh8 26. Qg4 Rh5 27. g3 Nd3 28. gxh4 Nxc1 29. Rxc1 Qb6+ 30. c5 Qa5 31. Rh2 Qa3 32. Qf4 Nxd6 33. Qf6+ Kh7 34. Qe7+ Kh8 35. Qf8+ Kh7 36. Qe7+ Kh8 1/2-1/2

[Event "Utrecht Keres Memorial"]
[Site "Utrecht"]
[Date "2022.05.27"]
[Round "3"]
[White "Van Meegen, Ruud"]
[Black "Doggers, Peter"]
[Result "1-0"]
[WhiteElo "2275"]
[BlackElo "2140"]
[PlyCount "55"]
[EventDate "2022.05.27"]
[EventType "swiss"]
[EventRounds "6"]
[EventCountry "NED"]
[SourceTitle "CBM 208 Extra"]
[Source "ChessBase"]
[SourceDate "2022.07.31"]
[SourceVersion "1"]
[SourceVersionDate "2022.07.31"]
[SourceQuality "1"]

1. Nf3 Nf6 2. c4 g6 3. b3 Bg7 4. Bb2 0-0 5. g3 c5 6. Bg2 d5 7. cxd5 Nxd5 8. Bxg7 Kxg7 9. 0-0 Nc6 10. d4 cxd4 11. Nxd4 Nxd4 12. Qxd4+ Nf6 13. Qe5 Kg8 14. Nc3 Qd2 15. Rfd1 Qb2 16. Rac1 Be6 17. Bxb7 Rad8 18. Qa5 Bg4 19. Rxd8 Qxc1+ 20. Kg2 Qb2 21. Rxf8+ Kxf8 22. Bf3 Be6 23. Nb5 h5 24. Nxa7 h4 25. gxh4 Qd4 26. Qa4 Qc5 27. Nc6 Bd7 28. Qb4 1-0

[Event "NED-chT 2122"]
[Site "Netherlands"]
[Date "2022.03.12"]
[Round "7.8"]
[White "Bosboom, Manuel"]
[Black "Van Meegen, Ruud"]
[Result "1/2-1/2"]
[WhiteElo "2395"]
[BlackElo "2275"]
[PlyCount "83"]
[EventDate "2021.09.18"]
[EventType "team-tourn"]
[EventRounds "9"]
[EventCountry "NED"]
[SourceTitle "EXT 2023"]
[Source "ChessBase"]
[SourceDate "2022.10.05"]
[SourceVersion "1"]
[SourceVersionDate "2022.10.05"]
[SourceQuality "1"]
[WhiteTeam "En Passant"]
[BlackTeam "Zuid Limburg"]
[WhiteTeamCountry "NED"]
[BlackTeamCountry "NED"]

1. Nf3 d5 2. g3 c6 3. Bg2 Bg4 4. c4 Nf6 5. Ne5 Be6 6. cxd5 Bxd5 7. Nf3 e5 8. d3 e4 9. dxe4 Nxe4 10. 0-0 Bc5 11. Ne5 Nd7 12. Nd3 Bb6 13. Nf4 Ndf6 14. Nxd5 Qxd5 15. Qxd5 cxd5 16. Nc3 Nxc3 17. bxc3 0-0 18. a4 Rac8 19. a5 Bd8 20. Be3 b6 21. axb6 Bxb6 22. Bd4 Ne4 23. Bxe4 dxe4 24. Rfb1 h6 25. Ra4 Rfe8 26. e3 Rc6 27. Rb5 f6 28. Kg2 Kf7 29. g4 Re7 30. h4 Kg6 31. Rab4 Kf7 32. Kh3 Kg6 33. Rd5 Kf7 34. g5 hxg5 35. hxg5 Kg6 36. gxf6 gxf6 37. Kg3 Rce6 38. Rdb5 Rc6 39. Kg4 Re8 40. Bxb6 axb6 41. Rb3 Rec8 42. Rxb6 1/2-1/2

[Event "EU-Cup 36th"]
[Site "Struga"]
[Date "2021.09.22"]
[Round "5.3"]
[White "Van Meegen, Ruud"]
[Black "Gibicar, Danijel"]
[Result "0-1"]
[WhiteElo "2291"]
[BlackElo "2271"]
[PlyCount "70"]
[EventDate "2021.09.18"]
[EventType "team-swiss"]
[EventRounds "7"]
[EventCountry "MKD"]
[SourceTitle "CBM 204 Extra"]
[Source "ChessBase"]
[SourceDate "2021.11.30"]
[SourceVersion "1"]
[SourceVersionDate "2021.11.30"]
[SourceQuality "1"]
[WhiteTeam "Zuid Limburg"]
[BlackTeam "Echternach Sprenger"]
[WhiteTeamCountry "NED"]
[BlackTeamCountry "LUX"]

1. d4 Nf6 2. Nf3 g6 3. Nbd2 Bg7 4. e4 d6 5. Bb5+ c6 6. Bd3 0-0 7. 0-0 c5 8. c3 cxd4 9. cxd4 Nc6 10. b3 Nh5 11. Bb2 Nf4 12. Bc4 Qb6 13. e5 Bg4 14. h3 Bf5 15. Re1 d5 16. Bf1 Nb4 17. Ba3 Nc2 18. Bxe7 Rfc8 19. Bc5 Qd8 20. g4 Nxe1 21. Nxe1 Bd7 22. Ndf3 Ne6 23. Ba3 Qa5 24. Bc1 Bb5 25. Bg2 Rc7 26. a4 Ba6 27. Ng5 Nxd4 28. Bd2 Qb6 29. Be3 Ne2+ 30. Qxe2 d4 31. Bxd4 Qxd4 32. Rd1 Bxe2 33. Rxd4 Rc1 34. f4 Rxe1+ 35. Kf2 Rd1 0-1

[Event "EU-Cup 36th"]
[Site "Struga"]
[Date "2021.09.21"]
[Round "4.4"]
[White "Van Meegen, Ruud"]
[Black "Jogstad, Martin"]
[Result "0-1"]
[WhiteElo "2291"]
[BlackElo "2341"]
[PlyCount "94"]
[EventDate "2021.09.18"]
[EventType "team-swiss"]
[EventRounds "7"]
[EventCountry "MKD"]
[SourceTitle "CBM 204 Extra"]
[Source "ChessBase"]
[SourceDate "2021.11.30"]
[SourceVersion "1"]
[SourceVersionDate "2021.11.30"]
[SourceQuality "1"]
[WhiteTeam "Zuid Limburg"]
[BlackTeam "Lunds"]
[WhiteTeamCountry "NED"]
[BlackTeamCountry "SWE"]

1. d4 e6 2. c4 d5 3. Nc3 a6 4. cxd5 exd5 5. Bf4 Nf6 6. e3 Bd6 7. Bxd6 Qxd6 8. Bd3 0-0 9. h3 Nc6 10. Nf3 Ne7 11. Qc2 g6 12. 0-0 Bf5 13. Rab1 c6 14. Rfc1 Rfc8 15. Na4 Qc7 16. Ne5 Kg7 17. Qb3 Bxd3 18. Nxd3 Re8 19. Qb6 Qc8 20. Nac5 Rb8 21. Ne5 Nf5 22. b4 Nd6 23. a4 Re7 24. Ncd3 Nd7 25. Nxd7 Qxd7 26. Ne5 Qe8 27. Qc5 Rd8 28. Qc2 h5 29. Qe2 Re6 30. Nd3 Qe7 31. Rc2 Qg5 32. Nc5 Re7 33. Qf3 Rde8 34. Rbc1 Nc4 35. Kh2 Qh6 36. b5 axb5 37. axb5 Nxe3 38. bxc6 Nxc2 39. Rxc2 bxc6 40. Nd3 g5 41. Ne5 Rc8 42. Qf5 Rec7 43. Nf3 f6 44. h4 Qg6 45. Qxg6+ Kxg6 46. hxg5 fxg5 47. Ne5+ Kf5 0-1

[Event "EU-Cup 36th"]
[Site "Struga"]
[Date "2021.09.19"]
[Round "2.15"]
[White "Van Meegen, Ruud"]
[Black "Bucher, Grant"]
[Result "1-0"]
[WhiteElo "2291"]
[BlackElo "2114"]
[PlyCount "79"]
[EventDate "2021.09.18"]
[EventType "team-swiss"]
[EventRounds "7"]
[EventCountry "MKD"]
[SourceTitle "CBM 204 Extra"]
[Source "ChessBase"]
[SourceDate "2021.11.30"]
[SourceVersion "1"]
[SourceVersionDate "2021.11.30"]
[SourceQuality "1"]
[WhiteTeam "Zuid Limburg"]
[BlackTeam "Sussex Martlets"]
[WhiteTeamCountry "NED"]
[BlackTeamCountry "ENG"]

1. d4 d5 2. c4 e6 3. Nc3 c6 4. cxd5 exd5 5. Bf4 Nf6 6. e3 Bf5 7. Nf3 h6 8. Bd3 Bxd3 9. Qxd3 Nbd7 10. 0-0 Be7 11. Rfc1 0-0 12. a3 Re8 13. b4 Nb6 14. b5 Nc4 15. bxc6 bxc6 16. Ne5 Nxe5 17. Bxe5 Nd7 18. Bg3 Nb6 19. a4 Nc4 20. Rcb1 Bd6 21. Rb7 Bxg3 22. hxg3 Qc8 23. Rb3 Rb8 24. Rab1 Rb6 25. Rxb6 Nxb6 26. Rc1 Qb7 27. Rb1 Qc7 28. Rc1 Qb7 29. g4 Qc8 30. Qf5 Qxf5 31. gxf5 Nd7 32. Na2 c5 33. dxc5 Rc8 34. c6 Nb8 35. Nb4 a5 36. Nxd5 Kf8 37. c7 Na6 38. Rc6 Nb4 39. Nb6 Nxc6 40. Nxc8 1-0

[Event "EU-Cup 36th"]
[Site "Struga"]
[Date "2021.09.18"]
[Round "1.6"]
[White "Rozentalis, Eduardas"]
[Black "Van Meegen, Ruud"]
[Result "1-0"]
[WhiteElo "2509"]
[BlackElo "2291"]
[PlyCount "77"]
[EventDate "2021.09.18"]
[EventType "team-swiss"]
[EventRounds "7"]
[EventCountry "MKD"]
[SourceTitle "CBM 204 Extra"]
[Source "ChessBase"]
[SourceDate "2021.11.30"]
[SourceVersion "1"]
[SourceVersionDate "2021.11.30"]
[SourceQuality "1"]
[WhiteTeam "XtraCon Team"]
[BlackTeam "Zuid Limburg"]
[WhiteTeamCountry "DEN"]
[BlackTeamCountry "NED"]

1. e4 c6 2. d3 d5 3. Nd2 g6 4. Ngf3 Bg7 5. g3 e5 6. Bg2 Ne7 7. Qe2 Qc7 8. 0-0 0-0 9. c3 h6 10. Re1 Nd7 11. d4 dxe4 12. Nxe5 f5 13. Qc4+ Kh7 14. Nxd7 Qxd7 15. f3 exf3 16. Nxf3 Nd5 17. Ne5 Qd6 18. Qb3 g5 19. c4 Nc7 20. Be3 c5 21. Rad1 Ne6 22. d5 Nd4 23. Bxd4 cxd4 24. Nf3 f4 25. Nxd4 Bg4 26. Bf3 Bxf3 27. Qxf3 fxg3 28. Qxg3 Qb6 29. Kh1 Qxb2 30. Ne6 Rf7 31. d6 Qb6 32. d7 Qc6+ 33. Qg2 Qxg2+ 34. Kxg2 Bf6 35. Rf1 Kg6 36. d8Q Bxd8 37. Rxf7 Kxf7 38. Rxd8 Rxd8 39. Nxd8+ 1-0

[Event "EU-Cup Online Gr-C"]
[Site "Tornelo INT"]
[Date "2021.03.28"]
[Round "5.3"]
[White "Bouget, Alexandre"]
[Black "Van Meegen, Ruud"]
[Result "1-0"]
[WhiteElo "2247"]
[BlackElo "2295"]
[PlyCount "97"]
[EventDate "2021.03.27"]
[EventType "team-tourn (rapid)"]
[EventRounds "9"]
[EventCountry "NET"]
[SourceTitle "CBM 201 Extra"]
[Source "ChessBase"]
[SourceDate "2021.05.31"]
[SourceVersion "1"]
[SourceVersionDate "2021.05.31"]
[SourceQuality "1"]
[WhiteTeam "Guingamp"]
[BlackTeam "Limburg Zuid"]
[WhiteTeamCountry "FRA"]
[BlackTeamCountry "NED"]

1. d4 Nf6 2. c4 e6 3. Nc3 Bb4 4. e3 0-0 5. Bd2 d5 6. cxd5 exd5 7. Bd3 Re8 8. Nf3 Nbd7 9. 0-0 c6 10. Qc2 Bd6 11. Rab1 Nf8 12. b4 Bg4 13. Ne1 a6 14. h3 Bh5 15. f4 Ne4 16. Nxe4 dxe4 17. Bxe4 f6 18. Nf3 Bf7 19. Bd3 Bc7 20. Rbd1 Qd7 21. Rfe1 Rad8 22. a4 Kh8 23. Rb1 Ra8 24. Rb2 Bg6 25. Bxg6 Nxg6 26. b5 axb5 27. axb5 cxb5 28. Qd3 Ba5 29. Bxa5 Rxa5 30. Reb1 Qe7 31. f5 Nf8 32. Kf2 Ra3 33. Rb3 b4 34. Qc4 Nd7 35. Qxb4 Qxb4 36. Rxb4 Raxe3 37. Rxb7 Nf8 38. Rb8 R3e7 39. Rxe8 Rxe8 40. Rb7 Kg8 41. g4 Rd8 42. Ke3 Nd7 43. Nd2 Kf8 44. Ne4 Ke8 45. Nc5 Ke7 46. Ke4 Kd6 47. Rxd7+ Rxd7 48. Nxd7 Kxd7 49. Kd5 1-0

[Event "EU-Cup Online Gr-C"]
[Site "Tornelo INT"]
[Date "2021.03.28"]
[Round "7.3"]
[White "Van Meegen, Ruud"]
[Black "Bruch, Jochen"]
[Result "1-0"]
[WhiteElo "2295"]
[BlackElo "2187"]
[PlyCount "53"]
[EventDate "2021.03.27"]
[EventType "team-tourn (rapid)"]
[EventRounds "9"]
[EventCountry "NET"]
[SourceTitle "CBM 201 Extra"]
[Source "ChessBase"]
[SourceDate "2021.05.31"]
[SourceVersion "1"]
[SourceVersionDate "2021.05.31"]
[SourceQuality "1"]
[WhiteTeam "Limburg Zuid"]
[BlackTeam "Differdange Le Cavalier"]
[WhiteTeamCountry "NED"]
[BlackTeamCountry "LUX"]

1. Nf3 Nf6 2. c4 e6 3. b3 c5 4. Bb2 Be7 5. g3 0-0 6. Bg2 d6 7. 0-0 a6 8. Nc3 Qc7 9. d4 cxd4 10. Nxd4 Ra7 11. Rc1 Bd7 12. Qd2 Rd8 13. Rfd1 Be8 14. Qe3 Ra8 15. h3 Kh8 16. g4 h6 17. Nf3 Nbd7 18. Nd5 exd5 19. Qxe7 dxc4 20. Bxf6 gxf6 21. Nh4 d5 22. Rxd5 Qf4 23. e3 Qb8 24. Nf5 b5 25. Rxd7 Qe5 26. Qf8+ Kh7 27. Qg7# 1-0

[Event "EU-Cup Online Gr-C"]
[Site "Tornelo INT"]
[Date "2021.03.27"]
[Round "2.2"]
[White "Martinez Alcantara, Jose Eduardo"]
[Black "Van Meegen, Ruud"]
[Result "1-0"]
[WhiteElo "2620"]
[BlackElo "2295"]
[PlyCount "47"]
[EventDate "2021.03.27"]
[EventType "team-tourn (rapid)"]
[EventRounds "9"]
[EventCountry "NET"]
[SourceTitle "CBM 201 Extra"]
[Source "ChessBase"]
[SourceDate "2021.05.31"]
[SourceVersion "1"]
[SourceVersionDate "2021.05.31"]
[SourceQuality "1"]
[WhiteTeam "Gijon 64"]
[BlackTeam "Limburg Zuid"]
[WhiteTeamCountry "ESP"]
[BlackTeamCountry "NED"]

1. e4 c6 2. Nf3 d5 3. d3 dxe4 4. dxe4 Qxd1+ 5. Kxd1 Nd7 6. Bd3 e5 7. Nfd2 Ngf6 8. f3 Be7 9. Nc4 0-0 10. Be3 Ne8 11. Nbd2 b6 12. Ke2 f6 13. Nb3 Nd6 14. Nxd6 Bxd6 15. Rhd1 Be7 16. a4 Rb8 17. a5 Rd8 18. axb6 axb6 19. Ra7 Kf8 20. Bc4 b5 21. Be6 Nb6 22. Rxd8+ Bxd8 23. Bc5+ Ke8 24. Bf7# 1-0

[Event "NED-chT 1819"]
[Site "Netherlands"]
[Date "2019.05.11"]
[Round "9.2"]
[White "Hera, Imre Jr"]
[Black "Van Meegen, Ruud"]
[Result "1-0"]
[WhiteElo "2611"]
[BlackElo "2228"]
[PlyCount "91"]
[EventDate "2018.09.15"]
[EventType "team-tourn"]
[EventRounds "9"]
[EventCountry "NED"]
[SourceTitle "CBM 189 Extra"]
[Source "ChessBase"]
[SourceDate "2019.06.03"]
[SourceVersion "1"]
[SourceVersionDate "2019.06.03"]
[SourceQuality "1"]
[WhiteTeam "Charlois Europoort"]
[BlackTeam "Zuid Limburg"]
[WhiteTeamCountry "NED"]
[BlackTeamCountry "NED"]

1. Nf3 d5 2. g3 Nf6 3. Bg2 c6 4. 0-0 Bf5 5. d3 e6 6. Nfd2 h6 7. e4 Bh7 8. Nc3 Be7 9. f4 0-0 10. g4 Nfd7 11. Qe2 b5 12. a3 a5 13. Nf3 Na6 14. exd5 exd5 15. f5 Bf6 16. Qf2 Ne5 17. Nxe5 Bxe5 18. Ne2 Nc7 19. Nd4 Qd6 20. Nf3 Bf4 21. Bxf4 Qxf4 22. Nd4 Qxf2+ 23. Kxf2 Ra6 24. Rfe1 Re8 25. Rxe8+ Nxe8 26. Re1 Kf8 27. b4 axb4 28. axb4 Nc7 29. c4 bxc4 30. dxc4 Rb6 31. cxd5 cxd5 32. b5 Rb7 33. Rb1 Ke7 34. b6 Na8 35. Bxd5 Rxb6 36. Re1+ Kf6 37. Bxa8 Rb4 38. Ke3 Kg5 39. Bd5 g6 40. h4+ Kxg4 41. f6 Bg8 42. Nc6 Rb5 43. Ne7 Kxh4 44. Kd4 Rb8 45. Ke5 Bh7 46. Bxf7 1-0

[Event "NED-chT 1819"]
[Site "Netherlands"]
[Date "2019.02.09"]
[Round "6.5"]
[White "Van Meegen, Ruud"]
[Black "Baselmans, Luuk"]
[Result "1/2-1/2"]
[WhiteElo "2228"]
[BlackElo "2025"]
[PlyCount "98"]
[EventDate "2018.09.15"]
[EventType "team-tourn"]
[EventRounds "9"]
[EventCountry "NED"]
[SourceTitle "CBM 189 Extra"]
[Source "ChessBase"]
[SourceDate "2019.06.03"]
[SourceVersion "1"]
[SourceVersionDate "2019.06.03"]
[SourceQuality "1"]
[WhiteTeam "Zuid Limburg"]
[BlackTeam "De Stukkenjagers"]
[WhiteTeamCountry "NED"]
[BlackTeamCountry "NED"]

1. Nf3 Nf6 2. c4 e6 3. b3 b6 4. Bb2 Bb7 5. e3 d6 6. Nc3 g6 7. g3 Bg7 8. Bg2 0-0 9. 0-0 Nbd7 10. Qc2 e5 11. d4 Rb8 12. Rad1 Qe7 13. e4 a5 14. a3 h5 15. Rfe1 Rfe8 16. d5 Bh6 17. b4 Ra8 18. Nb5 Rec8 19. Bh3 Ng4 20. Re2 Ba6 21. Qd3 Bf8 22. Nc3 Ndf6 23. Ne1 Rcb8 24. f3 Nh6 25. Ng2 Nh7 26. f4 Bg7 27. Rf1 Re8 28. Bc1 Nf6 29. f5 Bc8 30. Nh4 axb4 31. axb4 Ra1 32. Bg5 Rxf1+ 33. Bxf1 gxf5 34. exf5 Qf8 35. Ne4 Nxe4 36. Qxe4 Ng4 37. Qf3 Bh6 38. h3 Bxg5 39. hxg4 Bxh4 40. gxh4 hxg4 41. Rg2 Kh8 42. Rxg4 Qh6 43. Rg5 Rg8 44. Qg4 Qh7 45. Bh3 f6 46. Rxg8+ Qxg8 47. Kf2 Qxg4 48. Bxg4 Bd7 49. Ke3 Kg7 1/2-1/2

[Event "Groningen op 56th"]
[Site "Groningen"]
[Date "2018.12.27"]
[Round "6"]
[White "Van Meegen, Ruud"]
[Black "Maris, Ivo"]
[Result "0-1"]
[WhiteElo "2230"]
[BlackElo "2351"]
[PlyCount "72"]
[EventDate "2018.12.22"]
[EventType "swiss"]
[EventRounds "9"]
[EventCountry "NED"]
[SourceTitle "CBM 188 Extra"]
[Source "ChessBase"]
[SourceDate "2019.02.26"]
[SourceVersion "1"]
[SourceVersionDate "2019.02.26"]
[SourceQuality "1"]

1. Nf3 d5 2. e3 c5 3. b3 Nf6 4. Bb2 g6 5. c4 dxc4 6. Bxc4 Bg7 7. h4 0-0 8. h5 Nxh5 9. Bxg7 Kxg7 10. Ne5 Qd6 11. Rxh5 gxh5 12. Qxh5 Qf6 13. Nc3 Nc6 14. Nxc6 Qxc6 15. Qg5+ Qg6 16. Qxe7 Be6 17. Bxe6 Qxe6 18. Qxb7 Rfd8 19. Qe4 Qd6 20. Rd1 a5 21. Ke2 Rab8 22. d3 Qf6 23. Nd5 Qg5 24. Nf4 Re8 25. Qf3 a4 26. Nh5+ Kh8 27. Nf6 Re6 28. Ne4 Qe7 29. Qf5 axb3 30. Ng5 Rg6 31. Nxf7+ Kg7 32. Ne5 Rg5 33. Nc6 Rxf5 34. Nxe7 Rf7 35. Nc6 Rb6 36. Ne5 bxa2 0-1